[Event "Cuiaba Contaud op"]
[Site "Cuiaba"]
[Date "2023.11.04"]
[Round "5"]
[White "Martins, Saulo Marcio L"]
[Black "Sabino, Fabio Dos Santos"]
[Result "1-0"]
[WhiteElo "2014"]
[BlackElo "1841"]
[PlyCount "87"]
[EventDate "2023.11.02"]
[EventType "swiss"]
[EventRounds "7"]
[EventCountry "BRA"]
[SourceTitle "CB46_2023"]
[SourceDate "2023.11.15"]
[SourceVersion "1"]
[SourceVersionDate "2023.11.15"]
[SourceQuality "1"]

1. d4 f5 2. c4 Nf6 3. Nc3 e6 4. Bf4 c6 5. a3 d5 6. c5 Be7 7. h3 0-0 8. Qc2 Nbd7 9. Nf3 Ne4 10. e3 Ndf6 11. b4 a6 12. Na4 Nd7 13. Ne5 Nef6 14. Bd3 Nxe5 15. Bxe5 Nd7 16. Bh2 b5 17. Nc3 Nf6 18. f3 Nh5 19. 0-0 g6 20. g4 Ng7 21. Qg2 Bd7 22. Ra2 Kh8 23. a4 Qe8 24. Rfa1 Bg5 25. f4 Be7 26. axb5 cxb5 27. Rxa6 Rxa6 28. Rxa6 Rg8 29. g5 Nh5 30. Qe2 h6 31. h4 hxg5 32. fxg5 Rf8 33. Be5+ Kg8 34. Qh2 Rf7 35. Ra8 Bc6 36. Ra6 Qd7 37. Qe2 Qb7 38. Bxb5 Bxb5 39. Qxb5 Qxb5 40. Nxb5 f4 41. Ra1 Rf8 42. exf4 Ng3 43. c6 Ne4 44. c7 1-0

[Event "Cuiaba Contaud op"]
[Site "Cuiaba"]
[Date "2023.11.03"]
[Round "4"]
[White "Freitas, Mauricio Mathioli"]
[Black "Martins, Saulo Marcio L"]
[Result "1/2-1/2"]
[WhiteElo "1609"]
[BlackElo "2014"]
[PlyCount "72"]
[EventDate "2023.11.02"]
[EventType "swiss"]
[EventRounds "7"]
[EventCountry "BRA"]
[SourceTitle "CB46_2023"]
[SourceDate "2023.11.15"]
[SourceVersion "1"]
[SourceVersionDate "2023.11.15"]
[SourceQuality "1"]

1. d4 d5 2. c4 c6 3. cxd5 cxd5 4. Nc3 Nf6 5. Nf3 Nc6 6. e3 e6 7. Bb5 Bd7 8. 0-0 Bd6 9. Re1 0-0 10. a3 a6 11. Bd3 e5 12. dxe5 Nxe5 13. Nxe5 Bxe5 14. Nxd5 Nxd5 15. Qh5 f5 16. Bc4 Bc6 17. e4 fxe4 18. Qxe5 Qd7 19. Rd1 Rad8 20. Bg5 Rf5 21. Rxd5 Bxd5 22. Bxd5+ Qxd5 23. Qxd5+ Rdxd5 24. Be3 Rd3 25. Rc1 Rb5 26. Rc8+ Kf7 27. h4 Rxb2 28. Rc7+ Kf6 29. a4 Rb4 30. a5 Rbb3 31. g4 h5 32. gxh5 Rxe3 33. fxe3 Rb5 34. Kg2 Rxh5 35. Rxb7 Rxh4 36. Kg3 g5 1/2-1/2

[Event "Cuiaba Contaud op"]
[Site "Cuiaba"]
[Date "2023.11.02"]
[Round "1"]
[White "Martins, Saulo Marcio L"]
[Black "Colombo, Sahimon Jonathan"]
[Result "1-0"]
[WhiteElo "2014"]
[BlackElo "1351"]
[PlyCount "65"]
[EventDate "2023.11.02"]
[EventType "swiss"]
[EventRounds "7"]
[EventCountry "BRA"]
[SourceTitle "CB46_2023"]
[SourceDate "2023.11.15"]
[SourceVersion "1"]
[SourceVersionDate "2023.11.15"]
[SourceQuality "1"]

1. d4 d5 2. c4 Nf6 3. Nc3 Bf5 4. Nf3 h6 5. Bf4 e6 6. Qb3 Nc6 7. c5 Qd7 8. e3 a6 9. Qxb7 Ra7 10. Qb3 Be7 11. Ne5 Nxe5 12. Qb8+ Bd8 13. Qxa7 Ng6 14. Bg3 0-0 15. f3 Re8 16. Qxa6 e5 17. Bb5 Qe6 18. 0-0 exd4 19. exd4 Qe3+ 20. Bf2 Qe6 21. Qa4 Rf8 22. Rfe1 Qc8 23. b4 Nf4 24. Re3 g5 25. Bg3 Ne6 26. Be5 g4 27. Rf1 Bg6 28. Bc6 gxf3 29. gxf3 Ng5 30. Nxd5 Nxd5 31. Bxd5 Re8 32. Qxe8+ Kh7 33. Qh8# 1-0

[Event "Campo Grande Brasil op"]
[Site "Campo Grande"]
[Date "2015.10.11"]
[Round "5"]
[White "Martins, Saulo Marcio L"]
[Black "Davalos, Danny Ramires"]
[Result "1-0"]
[WhiteElo "2010"]
[BlackElo "1779"]
[PlyCount "93"]
[EventDate "2015.10.09"]
[EventType "swiss"]
[EventRounds "7"]
[EventCountry "BRA"]
[SourceTitle "CBM 168 Extra"]
[Source "ChessBase"]
[SourceDate "2015.10.29"]
[SourceVersion "1"]
[SourceVersionDate "2015.10.29"]
[SourceQuality "1"]

1. d4 e6 2. e4 d6 3. Nc3 Be7 4. Be3 Nc6 5. Qd2 a6 6. f3 Bd7 7. g3 Nf6 8. Nge2 h6 9. h4 b5 10. Bg2 Na5 11. b3 c6 12. g4 Nh7 13. g5 h5 14. Bf2 d5 15. Nf4 Nf8 16. Nce2 Rc8 17. Nd3 Nb7 18. b4 a5 19. a3 Ra8 20. 0-0 axb4 21. axb4 Nd6 22. Qc3 Nc4 23. Rxa8 Qxa8 24. Ra1 Qb8 25. Bg3 Qc8 26. Ra7 Ng6 27. Nef4 0-0 28. Nxh5 Bd6 29. e5 Bb8 30. Ra2 Ne3 31. Bh3 Ne7 32. Ndf4 N7f5 33. Qe1 Qb7 34. Bf2 Nc4 35. Kh1 Ba7 36. Qg1 Nd2 37. c3 Nxf3 38. Qg4 N3xd4 39. Nf6+ gxf6 40. gxf6+ Kh7 41. Qh5+ Nh6 42. cxd4 Rg8 43. Bf1 Be8 44. Bd3+ Rg6 45. Be3 Bxd4 46. Nxg6 Bxe3 47. Nf4+ 1-0

[Event "Campo Grande Brasil op"]
[Site "Campo Grande"]
[Date "2015.10.10"]
[Round "2"]
[White "Serafim Junior, Arnor"]
[Black "Martins, Saulo Marcio L"]
[Result "0-1"]
[WhiteElo "1849"]
[BlackElo "2010"]
[PlyCount "133"]
[EventDate "2015.10.09"]
[EventType "swiss"]
[EventRounds "7"]
[EventCountry "BRA"]
[SourceTitle "CBM 168 Extra"]
[Source "ChessBase"]
[SourceDate "2015.10.29"]
[SourceVersion "1"]
[SourceVersionDate "2015.10.29"]
[SourceQuality "1"]

1. Nf3 b6 2. g3 Bb7 3. Bg2 Nf6 4. 0-0 c5 5. d3 e6 6. Nbd2 Be7 7. e4 d6 8. a4 a6 9. Re1 Qc7 10. Qe2 Nbd7 11. Nc4 0-0 12. Bd2 d5 13. Bf4 Qc8 14. exd5 Nxd5 15. Bd6 Qd8 16. Nfd2 Bc6 17. Nb3 Nb4 18. Bxe7 Qxe7 19. c3 Bxg2 20. Kxg2 Nd5 21. d4 Qg5 22. Qd2 Qg4 23. Ne5 Nxe5 24. Rxe5 c4 25. Rg5 Qe4+ 26. f3 Qe3 27. Qxe3 Nxe3+ 28. Kf2 Nc2 29. Rc1 cxb3 30. Ke2 Rfd8 31. Re5 Rac8 32. Rd1 Rd5 33. f4 g6 34. g4 Kg7 35. Re4 Rc4 36. Kd3 b5 37. axb5 axb5 38. Re5 Kf6 39. h4 Ke7 40. Rh1 Ra4 41. h5 Ra2 42. hxg6 hxg6 43. Rb1 Kd6 44. Re4 Ra4 45. Rh1 g5 46. Rh7 gxf4 47. Rxf4 f5 48. g5 Ra1 49. g6 Rg1 50. g7 Kc6 51. Rfh4 Rg3+ 52. Ke2 Rd7 53. R4h6 Rdxg7 54. Rxe6+ Kd7 55. Rxg7+ Rxg7 56. Rb6 Re7+ 57. Kf2 b4 58. Rb5 Ke6 59. d5+ Kd6 60. c4 Nd4 61. Rxb4 Kc5 62. Rb8 Kxc4 63. d6 Rd7 64. Ke3 Rxd6 65. Rc8+ Kd5 66. Rb8 Ke5 67. Rb4 0-1

[Event "Campo Grande op 2nd"]
[Site "Campo Grande"]
[Date "2014.09.07"]
[Round "4"]
[White "Martins, Saulo Marcio L"]
[Black "Cristino, Felipe Borges"]
[Result "1-0"]
[WhiteElo "2028"]
[BlackElo "1857"]
[PlyCount "98"]
[EventDate "2014.09.05"]
[EventType "swiss"]
[EventRounds "5"]
[EventCountry "BRA"]
[SourceTitle "CBM 162 Extra"]
[Source "ChessBase"]
[SourceDate "2014.10.17"]
[SourceVersion "1"]
[SourceVersionDate "2014.10.17"]
[SourceQuality "1"]

1. e4 e5 2. Nf3 Nc6 3. Nc3 Nf6 4. d3 d6 5. Bg5 Be7 6. Qd2 0-0 7. h3 Be6 8. d4 d5 9. Nxe5 Nxe5 10. dxe5 Nxe4 11. Nxe4 dxe4 12. Qxd8 Bxd8 13. Be3 Re8 14. 0-0-0 Bf5 15. Bf4 g5 16. Bh2 c6 17. g4 Bg6 18. Rd7 Bb6 19. Bg3 e3 20. f3 Rad8 21. Rxd8 Rxd8 22. Rh2 Ba5 23. c3 h5 24. gxh5 Bxh5 25. Be2 Rd2 26. Be1 Rxe2 27. Rxe2 Bb6 28. Rg2 Bxf3 29. Rxg5+ Kh7 30. c4 e2 31. Kc2 Be3 32. Rg3 Be4+ 33. Kb3 Bc5 34. Kc3 b5 35. b4 Be7 36. Re3 Bg2 37. cxb5 cxb5 38. Rxe2 Bf1 39. Rd2 Kg6 40. Rd7 Bf8 41. Rxa7 Bxh3 42. Kd4 Be6 43. Ke4 Bf5+ 44. Kd4 Bh6 45. Ra6+ Kh5 46. Rf6 Bg6 47. Kc5 Bg7 48. Kxb5 Bxf6 49. exf6 Kg5 1-0

[Event "Campo Grande op 2nd"]
[Site "Campo Grande"]
[Date "2014.09.06"]
[Round "2"]
[White "Martins, Saulo Marcio L"]
[Black "Gazineu Neto, Rubens"]
[Result "1/2-1/2"]
[WhiteElo "2028"]
[BlackElo "1900"]
[PlyCount "148"]
[EventDate "2014.09.05"]
[EventType "swiss"]
[EventRounds "5"]
[EventCountry "BRA"]
[SourceTitle "CBM 162 Extra"]
[Source "ChessBase"]
[SourceDate "2014.10.17"]
[SourceVersion "1"]
[SourceVersionDate "2014.10.17"]
[SourceQuality "1"]

1. e4 c5 2. Nf3 d6 3. d4 cxd4 4. Nxd4 Nf6 5. Nc3 a6 6. a4 e5 7. Nb3 Be6 8. Bg5 Be7 9. Be2 Nbd7 10. Be3 b6 11. 0-0 0-0 12. f3 Nc5 13. Nxc5 dxc5 14. Qe1 Qc7 15. Qf2 Bc8 16. Rfd1 Bb7 17. Qg3 Rfd8 18. Bh6 Bf8 19. Bc4 Rd4 20. b3 Rad8 21. Bg5 Rxd1+ 22. Nxd1 Be7 23. Ne3 Bc8 24. Bxf6 Bxf6 25. Nd5 Qd6 26. Rd1 Kf8 27. Ne3 Qe7 28. Qe1 Rxd1 29. Qxd1 Bb7 30. Qd3 a5 31. Bd5 Bc8 32. Qb5 Qc7 33. Kf2 g6 34. Ke2 Bg5 35. Nc4 Bd8 36. Ne3 Bg5 37. Nd1 Bd7 38. Qc4 Bc8 39. Nc3 h5 40. Qd3 Bd7 41. Bc4 Bc6 42. Bb5 Bb7 43. g3 Qd8 44. Bc4 Qxd3+ 45. Kxd3 f5 46. Ne2 Ke7 47. Bd5 Bxd5 48. exd5 Kd6 49. c4 Bf6 50. h3 Be7 51. g4 h4 52. Nc3 Bf6 53. Nd1 Bg5 54. Nc3 Bf6 55. Nb5+ Kd7 56. Ke3 Bg5+ 57. Kd3 Bf6 58. Na7 Bg5 59. Nc6 Bf6 60. g5 Bg7 61. Ke3 Kd6 62. Na7 Kd7 63. Nb5 Bf8 64. Na3 Be7 65. f4 Bd6 66. fxe5 Bxe5 67. Nc2 Bb2 68. Kf4 Kd6 69. Ne3 Bc1 70. Kf3 Ke5 71. Ke2 Kd6 72. Kf2 Ke5 73. Kf3 Bd2 74. Ke2 Bc1 1/2-1/2

[Event "Campo Grande op 2nd"]
[Site "Campo Grande"]
[Date "2014.09.05"]
[Round "1"]
[White "Chaves, Lauro Wanderson Nav"]
[Black "Martins, Saulo Marcio L"]
[Result "0-1"]
[WhiteElo "1826"]
[BlackElo "2028"]
[PlyCount "82"]
[EventDate "2014.09.05"]
[EventType "swiss"]
[EventRounds "5"]
[EventCountry "BRA"]
[SourceTitle "CBM 162 Extra"]
[Source "ChessBase"]
[SourceDate "2014.10.17"]
[SourceVersion "1"]
[SourceVersionDate "2014.10.17"]
[SourceQuality "1"]

1. e4 d6 2. d4 Nf6 3. Bd3 Nc6 4. c3 e5 5. d5 Nb8 6. Bg5 Be7 7. Nd2 0-0 8. Ngf3 Nxd5 9. exd5 Bxg5 10. Ne4 Bh6 11. Bc2 f5 12. Ng3 g6 13. 0-0 Nd7 14. b3 Nf6 15. c4 b6 16. Re1 Ng4 17. h3 Nf6 18. Rb1 Bd7 19. a4 a5 20. Qe2 Qe7 21. Nd4 Qg7 22. Nb5 Bc8 23. Rbd1 Bf4 24. Nf1 Kh8 25. g3 Bh6 26. Ne3 Nh5 27. Kg2 f4 28. Kh2 fxe3 29. fxe3 Ba6 30. Nc3 Rf7 31. Rf1 Raf8 32. Rxf7 Qxf7 33. Ne4 Qf3 34. Qxf3 Rxf3 35. g4 Ng3 36. g5 Nxe4 37. Bxe4 Rxe3 38. Bxg6 hxg6 39. gxh6 Rf3 40. Kg2 Rf4 41. Rd3 Kh7 0-1

[Event "Cuiaba Contaud op"]
[Site "Cuiaba"]
[Date "2014.05.04"]
[Round "6"]
[White "Martins, Saulo Marcio L"]
[Black "Boabaid, Jorge Alberto Duard"]
[Result "0-1"]
[WhiteElo "2033"]
[BlackElo "1847"]
[PlyCount "58"]
[EventDate "2014.05.01"]
[EventType "swiss"]
[EventRounds "6"]
[EventCountry "BRA"]
[SourceTitle "CBM 160 Extra"]
[Source "ChessBase"]
[SourceDate "2014.07.01"]
[SourceVersion "1"]
[SourceVersionDate "2014.07.01"]
[SourceQuality "1"]

1. d4 Nf6 2. c4 e6 3. Nc3 d5 4. Bg5 Nbd7 5. cxd5 exd5 6. Nxd5 Nxd5 7. Bd2 N7f6 8. f3 Be7 9. e4 Nb6 10. Bc3 0-0 11. Bd3 g6 12. a4 a5 13. Qd2 Nh5 14. Ne2 Bd7 15. b3 Re8 16. Bxa5 Bg5 17. Qc3 Nf4 18. Nxf4 Bxf4 19. g3 Nd5 20. Qc5 b6 21. Qxd5 Rxa5 22. Qc4 Be6 23. Qc6 Be3 24. Bb5 Re7 25. d5 Bd7 26. Qc3 Bxb5 27. Qxe3 Be8 28. 0-0 Rxd5 29. Qh6 Rd3 0-1

[Event "Cuiaba Contaud op"]
[Site "Cuiaba"]
[Date "2014.05.03"]
[Round "5"]
[White "Duailibe, Ricardo Miguel"]
[Black "Martins, Saulo Marcio L"]
[Result "0-1"]
[WhiteElo "1915"]
[BlackElo "2033"]
[PlyCount "36"]
[EventDate "2014.05.01"]
[EventType "swiss"]
[EventRounds "6"]
[EventCountry "BRA"]
[SourceTitle "CBM 160 Extra"]
[Source "ChessBase"]
[SourceDate "2014.07.01"]
[SourceVersion "1"]
[SourceVersionDate "2014.07.01"]
[SourceQuality "1"]

1. e4 d6 2. d4 g6 3. Be3 Bg7 4. f3 c6 5. Qd2 Qb6 6. c3 Nf6 7. Ne2 Nbd7 8. g4 h5 9. g5 Ng8 10. f4 Qc7 11. Na3 Nb6 12. 0-0-0 d5 13. Bg2 a6 14. h4 Bg4 15. Rdf1 e6 16. Ng3 Bf8 17. Nb1 Nc4 18. Qf2 Bd6 0-1

[Event "Cuiaba op"]
[Site "Cuiaba"]
[Date "2007.10.06"]
[Round "4"]
[White "Martins, Saulo Marcio L"]
[Black "Barreto Filho, Carlos Alberto"]
[Result "1-0"]
[WhiteElo "2059"]
[BlackElo "2295"]
[PlyCount "114"]
[EventDate "2007.10.04"]
[EventType "swiss"]
[EventRounds "6"]
[EventCountry "BRA"]
[SourceTitle "EXT 2008"]
[Source "ChessBase"]
[SourceDate "2007.11.25"]
[SourceVersion "1"]
[SourceVersionDate "2007.11.25"]
[SourceQuality "1"]

1. Nf3 Nf6 2. b3 g6 3. Bb2 Bg7 4. d4 0-0 5. Nbd2 d6 6. g3 Nbd7 7. Bg2 e5 8. 0-0 e4 9. Nh4 Re8 10. Nc4 Nf8 11. Ne3 Nh5 12. f4 f5 13. Bh3 Ne6 14. Nhg2 c6 15. c3 a5 16. g4 fxg4 17. Bxg4 Nexf4 18. Nxf4 Nxf4 19. Bxc8 Rxc8 20. Rxf4 Bh6 21. Ng2 Bxf4 22. Nxf4 Qg5+ 23. Ng2 Rf8 24. Bc1 Qg4 25. Bh6 Rf5 26. Qd2 Rc7 27. Bf4 Rcf7 28. Bg3 Qh3 29. Qe3 d5 30. c4 g5 31. cxd5 cxd5 32. Rc1 h5 33. Bf2 Qxe3 34. Bxe3 R7f6 35. h3 Rd6 36. Rc8+ Kg7 37. Rc7+ Rf7 38. Rxf7+ Kxf7 39. Bxg5 Rc6 40. Bd8 Rc2 41. Bxa5 Rxa2 42. Be1 Rxe2 43. Kf1 Rb2 44. b4 Rb3 45. h4 Kf6 46. Bd2 Rd3 47. Ke2 Rh3 48. Bg5+ Kf5 49. Ne3+ Ke6 50. Ng2 Kd7 51. Nf4 Rh2+ 52. Ke3 Kc6 53. Nxh5 Kb5 54. Nf4 Kxb4 55. Nxd5+ Kc4 56. Kxe4 b5 57. Ne3+ Kc3 1-0

[Event "Cuiaba op"]
[Site "Cuiaba"]
[Date "2007.10.04"]
[Round "5"]
[White "Aranha Filho, Alvaro Zimmermann"]
[Black "Martins, Saulo Marcio L"]
[Result "1-0"]
[WhiteElo "2266"]
[BlackElo "2059"]
[PlyCount "43"]
[EventDate "2007.10.04"]
[EventType "swiss"]
[EventRounds "6"]
[EventCountry "BRA"]
[SourceTitle "EXT 2022"]
[Source "ChessBase"]
[SourceDate "2021.10.06"]
[SourceVersion "1"]
[SourceVersionDate "2021.10.06"]
[SourceQuality "1"]

1. c4 Nf6 2. d4 e6 3. Nf3 d5 4. Nc3 c5 5. cxd5 cxd4 6. Qa4+ Bd7 7. Qxd4 exd5 8. Nxd5 Qa5+ 9. Nc3 Nc6 10. Qd1 Bf5 11. Bd2 Bc5 12. e3 Nb4 13. Bb5+ Kf8 14. 0-0 Rd8 15. a3 Nc2 16. Rc1 Bxe3 17. fxe3 Nxe3 18. Bxe3 Rxd1 19. Rfxd1 a6 20. b4 Qc7 21. Nd5 Qb8 22. Bc5+ 1-0